000 00431nam a22001817a 4500
003 NUST
020 _a9780070634244
038 _akhadija
082 _a621.381
_bMAL
100 _aMalvino, Albert
_987359
245 _aElectronic Principles /
_cAlbert Malvino
250 _a7th ed.
260 _aNew Delhi:
_bTata McGrew Hill,
_c2009.
300 _a1018 p. ;
_b24 cm.
500 _aPaperback.
563 _aPB
942 _cBK
_2ddc
999 _c32780
_d32780